000
00296nam a22001097a 4500
040
_c
SY
082
_a
333
100
_a
KHOV KOUING; ខូវ គួង
245
_a
Biological of coastal zone, ជីវសាស្រ្តតំបន់ឆ្នេរ
260
_a
RUA
_b
KHO
_c
2010
942
_c
KB
999
_c
9693
_d
9693